000
00363nam a2200133Ia 4500
008
231129s2008||||xx |||||||||||||| ||spa||
020
_a
978-958-664-204-0
040
_b
spa
082
_a
338.9861 E17
245
0
_a
Economías del Pacífico colombiano
260
_c
2008
264
_a
Banco de la República
942
_2
ddc
_c
BKS
999
_c
9926
_d
9926